Which Team Has Every NFL Team Played The Most? - Statistics

General Stats
  • This quiz has been taken 28 times
    13 since last reset
  • The average score is 12 of 32
Answer Stats
Team Team they have played the most % Correct
Minnesota Vikings Bears/Lions/Packers
67%
Chicago Bears Packers
67%
Green Bay Packers Bears
50%
Detroit Lions Bears/Packers
50%
Baltimore Ravens Bengals
50%
Houston Texans Colts/Jaguars/Titans
50%
Dallas Cowboys Eagles/Commanders
50%
Carolina Panthers Falcons
50%
Buffalo Bills Patriots/Jets
50%
Kansas City Chiefs Raiders/Chargers
50%
Atlanta Falcons Saints
50%
Cincinnati Bengals Steelers
50%
Jacksonville Jaguars Titans
50%
Los Angeles Rams 49ers
33%
Miami Dolphins Bills/Jets
33%
Los Angeles Chargers Broncos/Raiders
33%
Pittsburgh Steelers Browns
33%
Denver Broncos Chargers
33%
Las Vegas Raiders Chargers
33%
New York Giants Commanders
33%
New Orleans Saints Falcons
33%
Arizona Cardinals Giants
33%
Philadelphia Eagles Giants/Commanders
33%
New England Patriots Jets
33%
New York Jets Patriots
33%
San Francisco 49ers Rams
33%
Cleveland Browns Steelers
33%
Washington Commanders Giants
17%
Indianapolis Colts Patriots
17%
Tennessee Titans Steelers
17%
Tampa Bay Buccaneers Bears/Saints
0%
Seattle Seahawks Broncos
0%
No matching quizzes found
Score Distribution
Percent of People with Each Score
Percentile by Number Answered
Your Score History
You have not taken this quiz since the last reset